| 000 | 00420cam a22001451 4500 | ||
|---|---|---|---|
| 082 |
_a954.031 _bCAR |
||
| 100 | 1 |
_aCarthill, Al. _949772 |
|
| 245 | 1 | 4 |
_aThe lost dominion, _cby Al. Carthill. |
| 250 | _a3d impression. | ||
| 260 |
_aEdinburgh _aLondon, _bW. Blackwood and sons, _c1924. |
||
| 300 |
_avi p., 1 l., 351, [1] p. _c22 cm. |
||
| 526 |
_a0 _b0 _c0 _d954_031000000000000_CAR |
||
| 650 |
_aMCE _9379 |
||
| 942 |
_2ddc _cBK |
||
| 999 |
_c553122 _d553122 |
||